000 00361nam a2200133Ia 4500
008 240624s9999 xx 000 0 und d
041 _aeng
082 _a658.314 WEI
100 _aWEISBORD MARVIN R
245 _aPRODUCTIVE WORKPLACES REVISITED DIGNITY
260 _c2004
_aSan Francisco
_bJossey-Bass
300 _axxxii, : 512 : p. : cm. ; 24
365 _c
_b26
999 _c20147
_d20147